[Event "Mexican op 56th"]
[Site "Monterrey"]
[Date "2010.03.31"]
[Round "2"]
[White "Cordova, Emilio"]
[Black "Altamirano Gonzalez, Yehudi"]
[Result "1-0"]
[WhiteElo "2564"]
[BlackElo "2159"]
[PlyCount "59"]
[EventDate "2010.03.30"]
[EventType "swiss"]
[EventRounds "9"]
[EventCountry "MEX"]
[SourceTitle "CBM 135 Extra"]
[Source "ChessBase"]
[SourceDate "2010.05.04"]
[SourceVersion "1"]
[SourceVersionDate "2010.05.04"]
[SourceQuality "1"]

1. d4 d5 2. Nf3 Nf6 3. c4 c6 4. e3 Bf5 5. Be2 e6 6. 0-0 Bd6 7. Nc3 0-0 8. Nh4 Bg6 9. Nxg6 hxg6 10. Qc2 Nbd7 11. Rd1 Qb8 12. g3 dxc4 13. Bxc4 Nb6 14. Bb3 Rd8 15. e4 e5 16. Bg5 Be7 17. Ne2 Kf8 18. a4 Ne8 19. Bxe7+ Kxe7 20. f4 exf4 21. Nxf4 Nf6 22. a5 Nbd7 23. Qc4 Rf8 24. Qb4+ Ke8 25. e5 Nh5 26. e6 fxe6 27. Nxe6 Rf3 28. Re1 Rxg3+ 29. Kh1 c5 30. Nxc5+ 1-0

[Event "Capablanca Memorial op 42nd"]
[Site "Havana"]
[Date "2007.05.24"]
[Round "6"]
[White "Altamirano Gonzalez, Yehudi"]
[Black "Marrero Lopez, Yaniet"]
[Result "0-1"]
[WhiteElo "2049"]
[BlackElo "2290"]
[PlyCount "80"]
[EventDate "2007.05.18"]
[EventType "swiss"]
[EventRounds "10"]
[EventCountry "CUB"]
[SourceTitle "CBM 118 Extra"]
[Source "ChessBase"]
[SourceDate "2007.07.04"]
[SourceVersion "1"]
[SourceVersionDate "2007.07.04"]
[SourceQuality "1"]

1. e4 e5 2. Nf3 Nc6 3. Bb5 a6 4. Ba4 Nf6 5. 0-0 b5 6. Bb3 Be7 7. Re1 d6 8. c3 0-0 9. h3 Na5 10. Bc2 c5 11. d3 Nc6 12. Nbd2 Qc7 13. Nf1 d5 14. Ng3 Rd8 15. Qe2 d4 16. Nf5 h6 17. g4 dxc3 18. bxc3 b4 19. Bd2 bxc3 20. Bxc3 Nd4 21. Bxd4 cxd4 22. Bb3 Bb4 23. Rac1 Bc3 24. g5 Nh5 25. N3h4 Nf4 26. Qg4 h5 27. Qf3 g6 28. Nh6+ Kg7 29. N4f5+ gxf5 30. exf5 Bb7 31. Qg3 Bd5 32. Bxd5 Rxd5 33. Kh2 Rc5 34. f6+ Kg6 35. Rg1 e4 36. dxe4 Ne2 37. Qxc7 Rxc7 38. Rcf1 Nxg1 39. Rxg1 Bd2 40. Nf5 Bf4+ 0-1

[Event "Capablanca Memorial op 42nd"]
[Site "Havana"]
[Date "2007.05.18"]
[Round "1"]
[White "Altamirano Gonzalez, Yehudi"]
[Black "Iturrizaga Bonelli, Eduardo"]
[Result "0-1"]
[WhiteElo "2049"]
[BlackElo "2398"]
[PlyCount "68"]
[EventDate "2007.05.18"]
[EventType "swiss"]
[EventRounds "10"]
[EventCountry "CUB"]
[SourceTitle "CBM 118 Extra"]
[Source "ChessBase"]
[SourceDate "2007.07.04"]
[SourceVersion "1"]
[SourceVersionDate "2007.07.04"]
[SourceQuality "1"]

1. e4 c5 2. Nf3 Nc6 3. d4 cxd4 4. Nxd4 g6 5. c4 Nf6 6. Nc3 d6 7. Be2 Nxd4 8. Qxd4 Bg7 9. 0-0 0-0 10. Qd3 Nd7 11. Be3 b6 12. Rfd1 Bb7 13. f3 Rc8 14. b3 f5 15. exf5 gxf5 16. Rac1 f4 17. Bd4 Ne5 18. Qd2 Qe8 19. Nd5 Qf7 20. Rf1 e6 21. Nc3 Rcd8 22. Nb5 Ba8 23. a4 Kh8 24. a5 a6 25. Nc3 bxa5 26. Ra1 Nc6 27. Bxg7+ Qxg7 28. Bd3 Nd4 29. Qd1 Nxf3+ 30. Rxf3 Bxf3 31. Qxf3 Qxc3 32. Rf1 d5 33. Qh3 Qg7 34. Qxe6 Qd4+ 0-1

[Event "Festival de la Juventud U18"]
[Site "Hermosillo"]
[Date "2002.03.28"]
[Round "2"]
[White "Altamirano Gonzalez, Yehudi"]
[Black "Contreras Torres, Javier"]
[Result "0-1"]
[WhiteElo "1559"]
[BlackElo "2234"]
[PlyCount "64"]
[EventDate "2002.03.26"]
[EventType "swiss"]
[EventRounds "6"]
[EventCountry "MEX"]
[SourceTitle "EXT 2003"]
[Source "ChessBase"]
[SourceDate "2002.11.25"]
[SourceVersion "1"]
[SourceVersionDate "2002.11.25"]
[SourceQuality "1"]

1. e4 c5 2. Nf3 d6 3. d4 cxd4 4. Nxd4 Nf6 5. Nc3 a6 6. Be2 e5 7. Nb3 Be6 8. 0-0 b5 9. a3 Nbd7 10. Be3 Be7 11. f3 0-0 12. a4 b4 13. Na2 d5 14. exd5 Nxd5 15. Bf2 Qc7 16. Rc1 Bg5 17. c4 Nf4 18. Nd2 a5 19. Ne4 Nxe2+ 20. Qxe2 Bxc1 21. Rxc1 h6 22. b3 f5 23. Ng3 Nc5 24. Qc2 Rad8 25. Re1 Nd3 26. Re2 Rd7 27. Kh1 Nxf2+ 28. Rxf2 Rfd8 29. h4 e4 30. f4 e3 31. Rf1 Rd2 32. Qb1 e2 0-1